[Event "Eastern Asia-ch zt 3.3"]
[Site "Ulaanbaatar"]
[Date "2019.04.12"]
[Round "6"]
[White "Amgalantengis, Enkh Amgalan"]
[Black "Erkhembayar, Tserentsoodol"]
[Result "1/2-1/2"]
[WhiteElo "1832"]
[BlackElo "1757"]
[PlyCount "112"]
[EventDate "2019.04.07"]
[EventType "swiss"]
[EventRounds "9"]
[EventCountry "MGL"]
[SourceTitle "CBM 189 Extra"]
[Source "ChessBase"]
[SourceDate "2019.06.03"]
[SourceVersion "1"]
[SourceVersionDate "2019.06.03"]
[SourceQuality "1"]

1. d4 d5 2. c4 e6 3. Nc3 Nf6 4. cxd5 exd5 5. Bg5 Be7 6. e3 0-0 7. Bd3 h6 8. Bxf6 Bxf6 9. Nf3 c6 10. 0-0 Bg4 11. h3 Be6 12. b4 Be7 13. Rb1 a6 14. a4 Nd7 15. b5 axb5 16. axb5 Ra3 17. Ne2 c5 18. dxc5 Nxc5 19. Bc2 Ne4 20. Nfd4 Bc8 21. Bb3 Ra5 22. Qc2 Bf6 23. Ra1 Be6 24. Rxa5 Qxa5 25. Qa2 Qxa2 26. Bxa2 Ra8 27. Bb1 Nd2 28. Rd1 Ra1 29. Bh7+ Kxh7 30. Rxa1 Nc4 31. Ra7 b6 32. Nf4 Bxd4 33. exd4 Nd6 34. Nxe6 fxe6 35. Re7 Nxb5 36. Rxe6 Nxd4 37. Rxb6 Ne2+ 38. Kf1 Nf4 39. h4 Nh5 40. Rd6 Nf6 41. f3 h5 42. Ke2 Kg8 43. Ke3 Kf7 44. Kd4 Ke7 45. Rxd5 Nxd5 46. Kxd5 Kf6 47. Ke4 Ke6 48. Kf4 Kf6 49. g3 g6 50. g4 hxg4 51. Kxg4 Kf7 52. Kg5 Kg7 53. Kf4 Kf6 54. Ke4 Ke6 55. Kf4 Kf6 56. Kg4 Kf7 1/2-1/2

[Event "Eastern Asia-ch zt 3.3"]
[Site "Ulaanbaatar"]
[Date "2019.04.10"]
[Round "4"]
[White "Byambaa, Zulzaga"]
[Black "Erkhembayar, Tserentsoodol"]
[Result "1-0"]
[WhiteElo "2168"]
[BlackElo "1757"]
[PlyCount "71"]
[EventDate "2019.04.07"]
[EventType "swiss"]
[EventRounds "9"]
[EventCountry "MGL"]
[SourceTitle "CBM 189 Extra"]
[Source "ChessBase"]
[SourceDate "2019.06.03"]
[SourceVersion "1"]
[SourceVersionDate "2019.06.03"]
[SourceQuality "1"]

1. e4 e6 2. d4 d5 3. Nc3 Bb4 4. e5 Ne7 5. Nf3 c5 6. a3 Ba5 7. b4 cxb4 8. Nb5 bxa3+ 9. c3 0-0 10. Bxa3 a6 11. Bxe7 Bxc3+ 12. Nxc3 Qxe7 13. Bd3 Bd7 14. 0-0 Bc6 15. Qb1 g6 16. Na4 Nd7 17. Nb6 Nxb6 18. Qxb6 Qd8 19. Rfb1 Qd7 20. h4 Rac8 21. h5 Kg7 22. Qb4 Rcd8 23. Qd2 h6 24. Qf4 Qe7 25. Qg3 g5 26. Nh2 f5 27. exf6+ Rxf6 28. Qe5 Qd6 29. Ng4 Qxe5 30. Nxe5 Rf4 31. Rb4 Kf6 32. g3 Rxd4 33. Nxc6 Rxb4 34. Nxb4 e5 35. Ra5 Ke6 36. Nxd5 1-0

[Event "Eastern Asia-ch zt 3.3"]
[Site "Ulaanbaatar"]
[Date "2019.04.09"]
[Round "3"]
[White "Erkhembayar, Tserentsoodol"]
[Black "Garidmagnai, Byambasuren"]
[Result "0-1"]
[WhiteElo "1757"]
[BlackElo "2313"]
[PlyCount "130"]
[EventDate "2019.04.07"]
[EventType "swiss"]
[EventRounds "9"]
[EventCountry "MGL"]
[SourceTitle "CBM 189 Extra"]
[Source "ChessBase"]
[SourceDate "2019.06.03"]
[SourceVersion "1"]
[SourceVersionDate "2019.06.03"]
[SourceQuality "1"]

1. c4 Nf6 2. d4 g6 3. Nc3 Bg7 4. e4 d6 5. Bd3 0-0 6. Nge2 e5 7. d5 a5 8. h3 Na6 9. 0-0 Nc5 10. Bc2 b6 11. a4 Qe7 12. Bg5 h6 13. Be3 Ba6 14. b3 Rae8 15. Qd2 Kh7 16. Rab1 Bc8 17. Ng3 Ng8 18. Nb5 h5 19. Rbc1 Bh6 20. Bxh6 Nxh6 21. f4 Ba6 22. f5 Qh4 23. Qe3 Bxb5 24. cxb5 g5 25. Ne2 Rg8 26. Qg3 Rg7 27. Rf2 Ng8 28. Qxh4 gxh4 29. Kh2 Nf6 30. Nc3 Reg8 31. Rg1 Rg3 32. Rf3 Kh6 33. Kh1 R8g5 34. Kh2 Kg7 35. Kh1 Kf8 36. Kh2 Ke7 37. Kh1 Rg7 38. Kh2 R3g5 39. Re3 Nh7 40. Ne2 Kd8 41. Kh1 Nd7 42. Kh2 Ndf6 43. Kh1 Nd7 44. Kh2 Nhf6 45. Kh1 Rg8 46. Kh2 R8g7 47. Kh1 Nc5 48. Nc3 Kd7 49. Kh2 Rg4 50. Kh1 Rf4 51. Rf3 Nfxe4 52. Bxe4 Nxe4 53. Rxf4 Ng3+ 54. Kh2 exf4 55. Re1 Rg5 56. Kg1 Rxf5 57. Kf2 Re5 58. Ne2 Rxe2+ 59. Rxe2 Nxe2 60. Kxe2 Ke7 61. Kf3 Kf6 62. Kxf4 Kg6 63. Ke4 Kg5 64. Kd4 Kf4 65. Kc4 Ke4 0-1